00624nam a2200193Ia 4500008004100000020001400041082001500055100001700070245004400087250000800131260004500139300002800184500001900212600002100231650005000252942000700302952010600309999001500415240925s9999 xx 000 0 und d a134423518 a005.26 ADA aAdamson, Tom 0aStructured BASIC Applied to Technology. a3rd aNew Jersey:bPrintice- Hall Int.c,1997. axii,216p.bNAfOriginal aIncludes Index aComputer Science aComputer science, information & general works cBK 001040708CSaUITUbUITUd2000-08-16eNAl0o005.26 ADApQ2730r2024-09-25 07:12:54w2024-09-25yBK c5229d5229